000
00290nam a22001337a 4500
008
210429b ||||| |||| 00| 0 eng d
041
_a
eng
080
_a
941
082
_a
941
100
_a
16
101
_a
SHH
245
_a
The Saturday Night Soldiers
_c
Sellwood,A.V
942
_2
udc
_c
BK
999
_c
56973
_d
56973